La masacre de Trelew /

Guardado en:
Autor Principal: Sein, Santiago
Autores Corporativos: Universidad Nacional de Córdoba., Canal Encuentro.
Formato: Deslizar
Publicado: Argentina, 2008.
Series:Crónicas de Archivo - Capítulo 5
Materias:
Etiquetas: Agregar Etiqueta
Sin Etiquetas, Sea el primero en etiquetar este registro!
LEADER 01292ngm a22003735g 4500
001 CEM.cems023089
008 130507s2008##################0###0#####d
005 20241210162915.0
245 1 0 |a La masacre de Trelew /  |c Santiago Sein. 
260 |a Argentina,  |c 2008. 
300 |a 29'. 
490 0 |a Crónicas de Archivo - Capítulo 5 
500 |a Consultar en ventanilla. 
590 |a Identificación SIABUC: DVD Nº 59 
505 0 |a El surgimiento de las organizaciones armadas. Los presos políticos en el Penal e Trelew. La fuga. La toma el aeropuerto frente a los medios. El traslado a la Base Almirante Zar y el fusilamiento. 
538 |a Soporte: DVD - Color: Si - Grabación DRD 
100 1 |a Sein, Santiago 
710 2 |a Universidad Nacional de Córdoba. 
710 2 |a Canal Encuentro. 
082 9 8 |/ SEI-1 
082 9 8 |/ ONG 
653 |a HISTORIA 
653 |a HISTORIA ARGENTINA 
653 |a CRONICAS DE ARCHIVO 
653 |a TRELEW 
653 |a MASACRE DE TRELEW 
653 |a FUSILAMIENTOS DE TRELEW 
653 |a LANUSSE 
653 |a ORGANIZACIONES ARMADAS 
653 |a DOCUMENTAL 
653 |a SERIE DE TELEVISIÓN 
653 |a NIVEL PRIMARIO 
653 |a NIVEL SECUNDARIO 
859 |a CEMS  |b BIB. CEMS - Depto. Recursos Didacticos  |h 982  |i SEI-1  |k DRD  |p 1732.12  |t Ej.1